Statystyki dla Co to za film #2

Kliknij tutaj aby rozwiązać quiz!

Ogólne statystyki

  • Ten quiz został rozwiązany 37 razy
  • Średni wynik to 20 z 50

Statystyki odpowiedzi

Odpowiedź% Poprawnych
Piękna i Bestia
91%
Bruce Wszechmogący
88%
Epoka lodowcowa
88%
Iron Man
81%
Lśnienie
75%
Deadpool
69%
Głupi i głupszy
69%
Faceci w czerni
66%
Karate Kid
66%
Top Gun
63%
Bad Boys
56%
Django
56%
Avengers: Koniec gry
53%
Kill Bill
53%
Krudowie
53%
Ace Ventura: Psi detektyw
50%
Asterix i Obelix: Misja Kleopatra
50%
Transformers
50%
Fight Club
47%
Green Book
47%
Braveheard. Waleczne serce
44%
Lego: Przygoda
44%
Duże dzieci
41%
Człowiek ze stali
38%
Liga Sprawiedliwości
38%
Need for Speed
38%
Oppenheimer
38%
Black Adam
34%
Jumanji: Przygoda w dżungli
31%
Wyspa tajemnic
31%
Bumblebee
25%
Creed III
25%
Obcy kontra Predator
25%
Obywatel Kane
25%
Star Wars: Zemsta Sithów
25%
Blade Runner 2049
22%
Dzień Niepodległości
22%
Na Zachodzie bez zmian
22%
Przeminęło z wiatrem
22%
Kingsman: Tajne służby
19%
El Camino: Film "Breaking Bad"
16%
Wyprawa do dżungli
16%
Robin Hood: Książę złodziei
13%
Szybko i wściekle
13%
Tata kontra tata
13%
W pogoni za szczęściem
13%
Pelé. Narodziny legendy
9%
Straight Outta Compton
3%
Air
0%
Winnetou: Złoto Apaczów
0%

Rozkład punktacji

Percentyl według liczby udzielonych odpowiedzi

Procent ludzi z każdym wynikiem

Twoja historia wyników

Nie rozwiązałeś tego quizu